00000000nam 2200000zi 4500
0019.946822
003CaOODSP
00520250121091710
006m     o  d f      
007cr mn|||||||||
008250114m20052008onca    ou   f001 0 eng d
020 |z0660194260
040 |aCaOODSP|beng|erda|cCaOODSP
043 |an-cn---
0861 |aNR24-28/2005E-PDF|zNR24-5/2-2005E
24500|aNational Building Code of Canada 2005 / |cissued by the Canadian Commission on Building and Fire Codes.
24617|aNational Building Code of Canada 2005. |pVolume 1
24617|aNational Building Code of Canada 2005. |pVolume 2
250 |aTwelfth edition 2005, third printing includes revisions and errata released on December 1, 2007 and June 20, 2008.
264 1|aOttawa : |bNational Research Council of Canada, |c2005-2008.
264 4|c©2005
300 |a1 online resource (1 volume (various pagings)) : |billustrations
336 |atext|btxt|2rdacontent
337 |acomputer|bc|2rdamedia
338 |aonline resource|bcr|2rdacarrier
500 |aCover title.
500 |aIncludes index.
500 |aThe catalogue number (NR24-5/2-2005E) and ISBN (0660194260) for the print edition have been copied in this electronic publication.
500 |aIssued also in French under title: Code national du bâtiment - Canada, 2005.
520 |a"The National Building Code of Canada sets out technical provisions for the design and construction of new buildings. It also applies to the alteration, change of use and demolition of existing buildings"--Preface, page v.
650 0|aBuilding laws|zCanada.
650 0|aBuildings|xStandards|zCanada.
7102 |aCanadian Commission on Building and Fire Codes, |eissuing body.
77508|tCode national du bâtiment - Canada, 2005 / |w(CaOODSP)9.946886
794 |tNational Building Code of Canada 2010 / |w(CaOODSP)9.946899
795 |tNational Building Code of Canada 1995 / |w(CaOODSP)9.947106
85640|qPDF|s14.3 MB|uhttps://publications.gc.ca/collections/collection_2025/cnrc-nrc/NR24-28-2005-eng.pdf
986 |a47666